000 00484 a2200181 4500
001 066832
003 OSt
005 20211018110212.0
008
082 _a005.1
_bP44S
100 1 _aPeters, James F.
245 1 _aSoftware engineering: an engineering approach
_cby James F. Peters and Witold Pedrycz
260 _aNew Delhi
_bWiley
_c2009
300 _a702p.
690 _aSoftware engineering
700 _aPedrycz, Witold
942 _2ddc
_cBK
999 _c830
_d830